| 000 | 00865nam a2200265 i 4500 | ||
|---|---|---|---|
| 001 | 8014 | ||
| 003 | ES-MaACL | ||
| 005 | 20250824213657.0 | ||
| 007 | t| | ||
| 008 | 910621s1991 sp |||| | spa d | ||
| 020 | _a84-321-2723-X | ||
| 080 | _a9(44)"1789/1799" | ||
| 080 | _a322(44)"1789/1799" | ||
| 080 | _a282(44)"1789/1799" | ||
| 100 | 1 |
_aViguerie, Jean de. _9114680 |
|
| 245 | 1 | 0 |
_aCristianismo y revolución _b: cinco lecciones de historia de la Revolución Francesa / _cJean de Viguerie. |
| 260 |
_aMadrid : _bRialp, _cD.L. 1991. |
||
| 300 |
_a318 p. ; _c20 cm. |
||
| 490 | 1 |
_aLibros de historia ; _v34 |
|
| 651 | 4 |
_aFrancia- _xHistoria- _y1789-1799, Revolución _9241176 |
|
| 651 |
_aFrancia- _xHistoria eclesiástica. _9153886 |
||
| 830 | 0 | 0 |
_aLibros de historia Rialp _v34 _9227690 |
| 852 |
_aES-MaACL _jL-15353 |
||
| 999 |
_c8014 _d8014 |
||